000 00695nam a2200253 a 4500
001 BRCA_3506
005 20190320204319.0
008 250709s1937----nyu#---###---#000-0#eng-#
041 _aeng
044 _anyu
050 4 _aF1216
_b.C66 1937
100 1 _aConlen, William James.
_99119
245 1 0 _aVignettes of México
_cby William J. Conlen.
260 _aNew York
_bHouse of Field
_c1937
300 _a145 p.
_c19 cm.
500 _aB91.
650 1 4 _aIndios de México.
_99120
650 1 4 _aMayas.
_98077
650 1 4 _aViajeros estadounidenses.
_97583
651 4 _aYucatán
_xAntigüedades.
_99121
651 4 _aMéxico
_xDescripción y viajes.
_9103
902 _aGFM
942 _2lcc
_cB
999 _c3241
_d3241